000 00660nam a2200229Ia 4500
003 OSt
005 20220923212127.0
006 a|||||r|||| 00| 0
007 ta
008 220922b |||||||| |||| 00| 0 hin d
024 _a150,959
037 _cTextual
040 _aARTS
_cARTS
_bhin
041 _2hin
_ahin
082 _aOv5:M7, 152J2
100 _aव्यास, विनोदशंकर
245 0 _aयोरोपीय साहित्यकार
246 _aYoropīya sāhityakāra
260 _c1952
942 _hOv5:M7, 152J2
_cTEXL
_2CC
999 _c306639
_d306639